00488nam a2200205Ia 4500008004100000020001800041050001400059100002100073245001800094245002400112245002100136260001500157260001600172260000900188300001400197300002700211300001000238440002600248500000800274170918s9999 xx 000 0 und d a9780590738729 bK944 1996 aKrulik, Nancy E. aGoing batty : ba book about bats / cNancy E. Krulik. aNew York : bScholastic, c1996 aunpaged : bcolored illustration ; c20cm. aThe magic school bus. a520